书目信息 |
| 题名: |
转化犯研究
|
|
| 作者: | 罗灿 著 | |
| 分册: | ||
| 出版信息: | 北京 社会科学文献出版社 2015 |
|
| 页数: | 217页 | |
| 开本: | 24cm | |
| 丛书名: | ||
| 单 册: | ||
| 中图分类: | D916.7 | |
| 科图分类: | ||
| 主题词: | 罪犯--zui fan--研究 | |
| 电子资源: | ||
| ISBN: | 978-7-5097-8311-5 | |
| 000 | 00831nam0 22002411 450 | |
| 001 | 0109172422 | |
| 005 | 20170309172422.0 | |
| 010 | @a978-7-5097-8311-5@dCNY59.00 | |
| 100 | @a20160315d2015 kemy0chiy50 ea | |
| 101 | 0 | @achi@deng@eeng |
| 102 | @aCN@b110000 | |
| 105 | @ay v 001yy | |
| 106 | @ar | |
| 200 | 1 | @a转化犯研究@9zhuai hua fan yan jiu@dThe study of the transformed crime@f罗灿著@zeng |
| 210 | @a北京@c社会科学文献出版社@d2015 | |
| 215 | @a217页@d24cm | |
| 330 | @a本书从转化犯本体论、转化犯构成论、转化犯形态论、转化犯共犯论、转化犯适用论、转化犯完善论等方面分6章对转化犯进行了系统研究。 | |
| 510 | 1 | @aStudy of the transformed crime@zeng |
| 606 | 0 | @a罪犯@9zui fan@x研究 |
| 690 | @aD916.7@v5 | |
| 701 | 0 | @a罗灿@9luo can@f(1982~)@4著 |
| 801 | 0 | @aCN@bTANGWEI@c20170308 |
| 905 | @b0953392-5@dD916.7@e699@f4 | |
| 转化犯研究=The study of the transformed crime/罗灿著.-北京:社会科学文献出版社,2015 |
| 217页;24cm |
| ISBN 978-7-5097-8311-5:CNY59.00 |
| 本书从转化犯本体论、转化犯构成论、转化犯形态论、转化犯共犯论、转化犯适用论、转化犯完善论等方面分6章对转化犯进行了系统研究。 |
| ● |
| 相关链接 |
|
|
|
|
正题名:转化犯研究
索取号:D916.7/699
 
预约/预借
| 序号 | 登录号 | 条形码 | 馆藏地/架位号 | 状态 | 备注 |
| 1 | 0953392 | 209533922 | 第一样本阅览室/ [索取号:D916.7/699] | 在馆 | |
| 2 | 0953393 | 209533931 | 第一借阅区/ [索取号:D916.7/699] | 在馆 | |
| 3 | 0953394 | 209533940 | 第一借阅区/ [索取号:D916.7/699] | 在馆 | |
| 4 | 0953395 | 209533959 | 第一借阅区/ [索取号:D916.7/699] | 在馆 |